|
|
|
|
| LEADER |
01186naa a2200241 i 4500 |
| 001 |
acta66961 |
| 005 |
20230530120105.0 |
| 008 |
200508s2019 hu o 1|| hun d |
| 020 |
|
|
|a 978-963-306-694-2
|
| 040 |
|
|
|a SZTE Egyetemi Kiadványok Repozitórium
|b hun
|
| 041 |
|
|
|a hun
|
| 100 |
1 |
|
|a Vajda Károly
|
| 245 |
1 |
2 |
|a A zsidó vallás hitelesség- és lojalitáskoncepciója
|h [elektronikus dokumentum] :
|b [absztrakt] /
|c Vajda Károly
|
| 260 |
|
|
|a Országos Rabbiképző - Zsidó Egyetem Történelem Tanszék ; Szegedi Tudományegyetem Bölcsészettudományi Kar Néprajzi és Kulturális Antropológiai Tanszék
|b Budapest ; Szeged
|c 2019
|
| 300 |
|
|
|a 19
|
| 490 |
0 |
|
|a Zsidó lojalitáshierarchiák dinamikája a modernkori Közép-Európában : absztraktkötet
|
| 650 |
|
4 |
|a Társadalomtudományok
|
| 650 |
|
4 |
|a Szociológia
|
| 650 |
|
4 |
|a Bölcsészettudományok
|
| 650 |
|
4 |
|a Filozófia, etika és vallástudományok
|
| 695 |
|
|
|a Zsidó vallás - előadáskivonat
|
| 711 |
|
|
|a Zsidó lojalitáshierarchiák dinamikája a modernkori Közép-Európában
|c Szeged
|d 2019
|
| 856 |
4 |
0 |
|u http://acta.bibl.u-szeged.hu/66961/1/2019_zsido_lojalitashierarchiak_rezume_019.pdf
|z Dokumentum-elérés
|